Dva roky prázdnin /
Původní supraphonské 2LP album 1118 4191 vydané v roce 1984, bylo vydáno poprvé na CD ve zkrácené formě (SU 5920-2) - nyní vychází digitálně 1:1 i s původním obalem.
Uloženo v:
| Hlavní autor: | |
|---|---|
| Další autoři: | , , , , , , , , , |
| Médium: | E-audiokniha |
| Vydáno: |
Praha :
Supraphon a.s.,
2017
|
| Tagy: |
Žádné tagy |
| LEADER | 01945nim a22004697i 4500 | ||
|---|---|---|---|
| 001 | 313260 | ||
| 007 | sr nunnnnnnned | ||
| 024 | |a 099925279028 | ||
| 044 | |a xr | ||
| 100 | 1 | |a Verne, Jules |4 aut | |
| 245 | 1 | 0 | |a Dva roky prázdnin / |c Verne, Jules |
| 264 | 1 | |a Praha : |b Supraphon a.s., |c 2017 | |
| 300 | |a 1 online zdroj (1 hod., 22 min., 52 sek.) | ||
| 336 | |a mluvené slovo |b spw |2 rdacontent | ||
| 337 | |a audio |b s |2 rdamedia | ||
| 338 | |a online zdroj |b cr |2 rdacarrier | ||
| 505 | 0 | 0 | |t Falená nadìje a sráka (6 min., 19 sek.) |
| 505 | 0 | 0 | |t Kdo je vinen? (5 min., 50 sek.) |
| 505 | 0 | 0 | |t Dìti a rodièe (9 min., 11 sek.) |
| 505 | 0 | 0 | |t Ostrov nebo pevnina? (9 min., 12 sek.) |
| 505 | 0 | 0 | |t Prùzkum (6 min., 37 sek.) |
| 505 | 0 | 0 | |t Francouzova jeskyně (6 min., 24 sek.) |
| 505 | 0 | 0 | |t Volba náčelníka (7 min., 42 sek.) |
| 505 | 0 | 0 | |t Nečekaná návštěva (9 min., 1 sek.) |
| 505 | 0 | 0 | |t Ostrov má jméno (10 min., 11 sek.) |
| 505 | 0 | 0 | |t Støetnutí (7 min., 28 sek.) |
| 505 | 0 | 0 | |t Cesta domù (5 min., 1 sek.) |
| 520 | 2 | |a Původní supraphonské 2LP album 1118 4191 vydané v roce 1984, bylo vydáno poprvé na CD ve zkrácené formě (SU 5920-2) - nyní vychází digitálně 1:1 i s původním obalem. | |
| 700 | 1 | |a Pešice, Jaroslav |4 nrt | |
| 700 | 1 | |a Zdražil, Petr |4 nrt | |
| 700 | 1 | |a Stehlík, Milan |4 nrt | |
| 700 | 1 | |a Šolc, Tomáš |4 nrt | |
| 700 | 1 | |a Prager, Jiří |4 nrt | |
| 700 | 1 | |a Sequens, Jiří |4 nrt | |
| 700 | 1 | |a Drbohlav, Jaroslav |4 nrt | |
| 700 | 1 | |a Kepka, Ondřej |4 nrt | |
| 700 | 1 | |a Ornest, Jiří |4 nrt | |
| 700 | 1 | |a Eben, Marek |4 nrt | |
| 910 | |a RBIT002 | ||
| 998 | |d 401570 |a https://core.palmknihy.cz/api/books/401570/cover?sgs2u4 |b https://core.palmknihy.cz/api/books/401570/cover/400?sgs2u4 |c https://core.palmknihy.cz/api/books/401570/cover/50?sgs2u4 |e 2099-01-01 |i 099925279028 |l 4972 |q 49 |r 1 |s https://www.palmknihy.cz/kniha/401570 |t audiobook |y 2017 |z 1 | ||
| 999 | |d 313258 | ||